Women in Western political thought / (Record no. 20292)
[ view plain ]
| 000 -LEADER | |
|---|---|
| fixed length control field | 01722cam a22003375a 4500 |
| 001 - CONTROL NUMBER | |
| control field | 17569122 |
| 005 - DATE AND TIME OF LATEST TRANSACTION | |
| control field | 20151214132505.0 |
| 008 - FIXED-LENGTH DATA ELEMENTS--GENERAL INFORMATION | |
| fixed length control field | 121220s2013 nyu frb f001 0 eng d |
| 020 ## - INTERNATIONAL STANDARD BOOK NUMBER | |
| International Standard Book Number | 9780691158341 (pbk.) |
| 020 ## - INTERNATIONAL STANDARD BOOK NUMBER | |
| International Standard Book Number | 0691158347 (pbk.) |
| 040 ## - CATALOGING SOURCE | |
| Original cataloging agency | UKMGB |
| Language of cataloging | eng |
| Transcribing agency | UKMGB |
| Modifying agency | YDXCP |
| -- | OCLCO |
| -- | BDX |
| -- | BWX |
| -- | CDX |
| -- | YBM |
| -- | OQX |
| -- | NDD |
| -- | DLC |
| -- | EG-ScBUE |
| 082 04 - DEWEY DECIMAL CLASSIFICATION NUMBER | |
| Classification number | 305.42 |
| Edition number | 22 |
| Item number | OKI |
| 100 1# - MAIN ENTRY--PERSONAL NAME | |
| Personal name | Okin, Susan Moller. |
| 9 (RLIN) | 38904 |
| 245 10 - TITLE STATEMENT | |
| Title | Women in Western political thought / |
| Statement of responsibility, etc | Susan Moller Okin ; with a new introduction by Debra Satz. |
| 260 ## - PUBLICATION, DISTRIBUTION, ETC. (IMPRINT) | |
| Place of publication, distribution, etc | Princeton ; |
| -- | Oxford : |
| Name of publisher, distributor, etc | Princeton University Press, |
| Date of publication, distribution, etc | 2013. |
| 300 ## - PHYSICAL DESCRIPTION | |
| Extent | xviii, 413 p. ; |
| Dimensions | 22 cm. |
| 500 ## - GENERAL NOTE | |
| General note | Originally published : 1979. |
| 500 ## - GENERAL NOTE | |
| General note | Index : p. 399-413. |
| 504 ## - BIBLIOGRAPHY, ETC. NOTE | |
| Bibliography, etc | Bibliography : p. 387-397. |
| 505 0# - FORMATTED CONTENTS NOTE | |
| Formatted contents note | I. Plato -- Plato and the Greek tradition of Misogyny -- Philosopher queens and private wives -- Female nature and social structure -- II. Aristotle -- Woman's place and nature in a functionalist world -- III. Rousseau -- Rousseau and the modern patriarchal tradition -- The natural woman and her role -- Equality and freedom--for men -- The fate of Rousseau's heroines -- IV. Mill -- John Stuart Mill, liberal feminist -- V. Functionalism, feminism and the family -- Women and functionalism, past and present -- Persons, women and the law -- Conclusions. |
| 600 00 - SUBJECT ADDED ENTRY--PERSONAL NAME | |
| Personal name | Plato. |
| 600 10 - SUBJECT ADDED ENTRY--PERSONAL NAME | |
| Personal name | Rousseau, Jean-Jacques, |
| Dates associated with a name | 1712-1778. |
| 9 (RLIN) | 10456 |
| 600 10 - SUBJECT ADDED ENTRY--PERSONAL NAME | |
| Personal name | Mill, John Stuart, |
| Dates associated with a name | 1806-1873. |
| 9 (RLIN) | 11002 |
| 650 #0 - SUBJECT ADDED ENTRY--TOPICAL TERM | |
| Topical term or geographic name as entry element | Women |
| General subdivision | Philosophy |
| -- | History. |
| Source of heading or term | BUEsh |
| 650 #0 - SUBJECT ADDED ENTRY--TOPICAL TERM | |
| Topical term or geographic name as entry element | Sex role. |
| Source of heading or term | BUEsh |
| 650 #0 - SUBJECT ADDED ENTRY--TOPICAL TERM | |
| Topical term or geographic name as entry element | Feminism. |
| Source of heading or term | BUEsh |
| 651 ## - SUBJECT ADDED ENTRY--GEOGRAPHIC NAME | |
| Source of heading or term | BUEsh |
| 653 ## - INDEX TERM--UNCONTROLLED | |
| Resource For college | BAEPS, Political Science |
| Arrived date list | July2015 |
| -- | December2015 |
| 700 1# - ADDED ENTRY--PERSONAL NAME | |
| Personal name | Satz, Debra, |
| Relator term | author of introduction, etc. |
| 942 ## - ADDED ENTRY ELEMENTS (KOHA) | |
| Source of classification or shelving scheme | Dewey Decimal Classification |
| Withdrawn status | Lost status | Source of classification or shelving scheme | Damaged status | Not for loan | Koha collection | Home library | Current library | Shelving location | Date acquired | Source of acquisition | Cost, normal purchase price | Serial Enumeration / chronology | Total Checkouts | Total Renewals | Full call number | Barcode | Date last seen | Date last borrowed | Cost, replacement price | Koha item type |
|---|---|---|---|---|---|---|---|---|---|---|---|---|---|---|---|---|---|---|---|---|
| Dewey Decimal Classification | Baccah | Central Library | Central Library | First floor | 08/07/2015 | Purchase | 164.00 | 21782 | 3 | 9 | 305.42 OKI | 000039275 | 15/07/2025 | 07/11/2016 | 205.00 | Book - Borrowing |